Una mirada desde Oriana: vidas y mentiras
Gespeichert in:
| 1. Verfasser: | |
|---|---|
| Format: | Unbekannt |
| Veröffentlicht: |
Colombia:
Universidad de Medellín,
|
| Schlagworte: | |
| Tags: |
Tag hinzufügen
Keine Tags, Fügen Sie den ersten Tag hinzu!
|
MARC
| LEADER | 000000000a22000000004500 | ||
|---|---|---|---|
| 001 | 000122 | ||
| 100 | 1 | |a Ordoñez, Montserrat | |
| 245 | 1 | 0 | |a Una mirada desde Oriana: vidas y mentiras |
| 260 | |a Colombia: |b Universidad de Medellín, | ||
| 310 | |a mensual | ||
| 650 | 4 | |a ORIANA, TIA ORIANA | |
| 650 | 4 | |a MORENO, MARVEL | |
| 773 | 0 | |t Con-Textos: Revista de Semiótica Literaria | |
| 773 | 0 | |g 5 | |
| 773 | 0 | |g 21 | |
| 773 | 0 | |g 1998 | |
| 773 | 0 | |g 49-58 | |
| 999 | |c 903 |d 903 | ||
